000 00501nam a2200181 a 4500
005 20210223120722.0
008 991125s1992 mx 000 0 spa u
020 _a9682929415
035 _aUPN01000006077
049 _aI
050 4 _aPZ84.7
_bF8
100 1 _aFurnari, Eva,
_d1946-
_933279
245 1 3 _aLa brujita atarantada /
_chistorias e il. Eva Furnari.
260 _aMéxico :
_bSEP,
_c1992.
300 _a[32] p. :
_bil.
650 4 _aCUENTOS INFANTILES BRASILEÑOS
_912222
905 _aInfantil
999 _c6077
_d6077